1970 FIFA World Cup Quiz - Statistics

General Stats
  • This quiz has been taken 139 times
  • The average score is 13 of 16
Answer Stats
Answer % Correct
Brazil
99%
Italy
98%
West Germany
97%
England
96%
Mexico
94%
Sweden
90%
Uruguay
89%
Soviet Union
84%
Peru
83%
Belgium
82%
Czechoslovakia
78%
Romania
65%
Bulgaria
62%
Morocco
55%
Israel
52%
El Salvador
47%
No matching quizzes found
Score Distribution
Percent of People with Each Score
Percentile by Number Answered
Your Score History
You have not taken this quiz